000 00734nam a22002297a 4500
005 20260225094529.0
008 260225b |||||||| |||| 00| 0 eng d
020 _a9789354247255
040 _cAIMIT LIBRARY
082 _22
_a005.762
_bLARD
100 _aLarose, Daniel T.
_9256678
245 _aData mining and predictive analytics /
_cBy Daniel T Larose, Chantal D Larose and O P Wali.
250 _a2nd ed.
260 _aNew Delhi :
_bWiley ,
_c2024.
300 _axxxiv,871p. ;
_bPB
_c24.3 cm
650 _aData preparation
_9256679
650 _aStatistical analysis
_9256680
650 _aClustering
_9256681
700 _aLarose, Chantal D.
_9256682
700 _aWali, O P.
_9256683
942 _2ddc
_cBK
_e2nd
_k005.762 LARD
999 _c240955
_d240955